LIBRARY & INFORMATION CENTRE, KCAET, TAVANUR

ONLINE PUBLIC ACCESS CATALOGUE (OPAC)

Normal view MARC view
  • Chandu Menon, O

Entry Personal Name

Number of records used in: 1

001 - CONTROL NUMBER

  • control field: 5615

003 - CONTROL NUMBER IDENTIFIER

  • control field: OSt

005 - DATE AND TIME OF LATEST TRANSACTION

  • control field: 20231114142557.0

008 - FIXED-LENGTH DATA ELEMENTS

  • fixed length control field: 231114|| aca||aabn | a|a d

040 ## - CATALOGING SOURCE

  • Original cataloging agency: OSt
  • Transcribing agency: OSt

100 ## - HEADING--PERSONAL NAME

  • Personal name: Chandu Menon, O

670 ## - SOURCE DATA FOUND

  • Source citation: Work cat.: (OSt)17831: Chandu Menon, O., Indulekha :, 1965
free website counter